000 01305cam a22003131 4500
001 11461
003 BD-RjUL
005 20211208235129.0
008 740801s1967 iluab b 100 0 eng
035 _a(BD-RjUL)
040 _aDLC
_cDLC
_dDLC
_beng
041 0 _aengfre
082 0 0 _a560.178096
_bBAC 1967
245 0 0 _aBackground to evolution in Africa /
_cEdited by Walter W. Bishop and J. Desmond Clark.
260 _aChicago,
_bUniversity of Chicago Press
_c1967.
300 _ax, 935 p. :
_billus., maps. ;
_c25 cm.
500 _a"Systematic investigation of the African later tertiary and quaternary; proceedings of the symposium held at Burg Wartenstein, Austria, July-August, 1965, under the auspices of the Wenner-Gren Foundation for Anthropological Research, New York."
500 _aEnglish or French.
504 _aIncludes bibliographies.
650 0 _aPaleontology
_zAfrica.
_935424
651 0 _aAfrica
_xAntiquities.
_935425
700 1 _aBishop, Walter W.,
_eed.
_935426
700 1 _aClark, J. Desmond
_q(John Desmond),
_d1916-2002,
_eed.
_935427
710 2 _aWenner-Gren Foundation for Anthropological Research.
_934213
740 0 _aSystematic investigation of the African later tertiary and quaternary.
942 _2ddc
_cBK
999 _c11461
_d11461